Rappeurs européens par photo - Statistiques

Statistiques générales
  • Ce quiz a été pris 660 fois
  • Le résultat moyen est 3 sur 20
Statistiques - réponses
Par images Hint Réponse % Correct
Royaume-Uni Central Cee
93%
Belgique Damso
92%
Espagne Morad
59%
Royaume-Uni Dave
46%
Royaume-Uni Stormzy
18%
Italie Sfera Ebbasta
11%
Allemagne Luciano
10%
Estonie Tommy Cash
3%
Albanie Noizy
2%
Italie Geolier
1%
Pays-Bas Lil Kleine
1%
Russie Morgenshtern
1%
Pays-Bas Mula B
1%
Italie Paky
1%
Suède Ricky Rich
1%
Espagne RVFV
1%
Allemagne Haftbefehl
0%
Danemark L.O.C.
0%
République Tchèque Nik Tendo
0%
Portugal Platunio
0%
Aucun quiz correspondant
Distribution des résultats
% des personnes avec chaque résultat
Percentile par nombre de réponses
Votre historique - résultats
Vous n’avez pas pris ce quiz